| 000 | 00451nam a2200133Ia 4500 | ||
|---|---|---|---|
| 008 | 170221s9999 xx 000 0 und d | ||
| 245 | _aAntecedents of Knowledge Gaps: Parenting Knowledge and Early Childhood Cognitive Development-Review and Call for Research | ||
| 260 | _bThe Open Communication Journal | ||
| 260 | _c2012 | ||
| 300 | _a6 : | ||
| 650 | _xCommunication | ||
| 650 | _xMedia Arts | ||
| 856 | _uhttps://benthamopen.com/TOCOMMJ/VOLUME/6/ | ||
| 999 |
_c307300 _d307300 |
||